Durmiendo con el enemigo
Laura y Martin estuvieron casados durante cuatro años y parecían una pareja perfecta. Sin embargo, la realidad era muy distinta: Martin resultó ser un marido obsesivo y brutal que la maltrataba continuamente. La situación llegó a ser tan insostenible que Laura decidió simular su muerte para librarse...
Guardado en:
| Autor Principal: | |
|---|---|
| Autor Corporativo: | |
| Otros Autores: | , |
| Formato: | |
| Idioma: | Undetermined |
| Publicado: |
Estados Unidos :
20th Century Fox,
1991.
|
| Materias: | |
| Etiquetas: |
Agregar Etiqueta
Sin Etiquetas, Sea el primero en etiquetar este registro!
|
| LEADER | 01303ngm a22002295a 4500 | ||
|---|---|---|---|
| 001 | CEM.cems020991 | ||
| 008 | 240408s1991####xx#---############vlund#d | ||
| 005 | 20240408204514.0 | ||
| 245 | 1 | 0 | |a Durmiendo con el enemigo |h [videograbación] / |c Joseph Ruben. |
| 260 | |a Estados Unidos : |b 20th Century Fox, |c 1991. | ||
| 300 | |a 99'. | ||
| 520 | |a Laura y Martin estuvieron casados durante cuatro años y parecían una pareja perfecta. Sin embargo, la realidad era muy distinta: Martin resultó ser un marido obsesivo y brutal que la maltrataba continuamente. La situación llegó a ser tan insostenible que Laura decidió simular su muerte para librarse de él y empezar una nueva vida con una nueva identidad. Sin embargo, cuando él se da cuenta del engaño, decide perseguirla para vengarse. | ||
| 538 | |a Soporte: DVD -- Formato: AVI Peso: 699mb -- Resolución: 640 x 352 -- 23.98 fps | ||
| 500 | |a Título original: Sleeping with the Enemy Idioma: Inglés Subtítulos: Español. | ||
| 590 | |a Identificación anterior: 405 | ||
| 100 | 1 | |a Ruben, Joseph. | |
| 700 | 1 | |a Roberts, Julia; Reparto. | |
| 700 | 1 | |a Bergin, Patrick; Reparto. | |
| 710 | 2 | |a 20th Century Studios. | |
| 653 | |a LARGOMETRAJE | ||
| 653 | |a FICCIÓN | ||
| 859 | |a CEMS |b BIB. CEMS - Depto. Recursos Didacticos |h 778.5 |i RUB |k DRD |p 3340.24 |t Ej.1 | ||
